ბათუმის შოთა რუსთაველის სახელმწიფო უნივერსიტეტის ბიბლიოთეკა

A guidance approach for the encouraging classroom (ბიბ.ჩანაწერი № 49618)

000 -LEADER
fixed length control field 01035nam a2200277Ia 4500
001 - CONTROL NUMBER
control field 16550
003 - CONTROL NUMBER IDENTIFIER
control field GE_BSU
005 - DATE AND TIME OF LATEST TRANSACTION
control field 20200131132119.0
008 - FIXED-LENGTH DATA ELEMENTS--GENERAL INFORMATION
fixed length control field 181216s||||||||xx |||||||||||||| ||und||
020 ## - INTERNATIONAL STANDARD BOOK NUMBER
International Standard Book Number ISBN 9781133947974
040 ## - CATALOGING SOURCE
Transcribing agency GE_BSU
080 ## - UNIVERSAL DECIMAL CLASSIFICATION NUMBER
Universal Decimal Classification number 37+159.922.7
100 ## - MAIN ENTRY--PERSONAL NAME
Personal name Gartrell, Dan.
9 (RLIN) 6628
245 #2 - TITLE STATEMENT
Title A guidance approach for the encouraging classroom
250 ## - EDITION STATEMENT
Edition statement 6th ed.
260 ## - PUBLICATION, DISTRIBUTION, ETC.
Place of publication, distribution, etc. Belmont, CA
260 ## - PUBLICATION, DISTRIBUTION, ETC.
Name of publisher, distributor, etc. Wadsworth Cengage Learning,
260 ## - PUBLICATION, DISTRIBUTION, ETC.
Date of publication, distribution, etc. 2014
300 ## - PHYSICAL DESCRIPTION
Extent xxvi, 547 p, col. ill, 25 cm.
653 ## - INDEX TERM--UNCONTROLLED
keyword School discipline--United States. Child psychology--United States. Problem solving in children. Interpersonal relations in children--United States.
653 ## - INDEX TERM--UNCONTROLLED
keyword პედაგოგიკა
653 ## - INDEX TERM--UNCONTROLLED
keyword სკოლის დისციპლინა - ბავშვის ფსიქოლოგია, პრობლემის გადაჭრა ბავშვებში.
653 ## - INDEX TERM--UNCONTROLLED
keyword ფსიქოლოგია
942 ## - ADDED ENTRY ELEMENTS (KOHA)
Koha item type წიგნი
Source of classification or shelving scheme
ეგზემპლარები
Withdrawn status Lost status Source of classification or shelving scheme Damaged status Not for loan Permanent Location Current Location Shelving location Date acquired Cost, normal purchase price Full call number Barcode Date last seen Copy number Price effective from Koha item type Public note
          ბათუმის შოთა რუსთაველის სახელმწიფო უნივერსიტეტის მთავარი ბიბლიოთეკა ბათუმის შოთა რუსთაველის სახელმწიფო უნივერსიტეტის მთავარი ბიბლიოთეკა წიგნსაცავი 2018-12-17 339.00 37+159.922.7 45119 2018-12-17 45119 2018-12-17 წიგნი 339 gel.